Cost and management accounting : An introduction

Zapisane w:
Opis bibliograficzny
1. autor: Drury, Colin
Format: Książka
Język:Undetermined
Wydane: London, UK. Thomson 2006
Hasła przedmiotowe:
Etykiety: Dodaj etykietę
Nie ma etykietki, Dołącz pierwszą etykiete!
Thư viện lưu trữ: Trung tâm Học liệu Trường Đại học Cần Thơ
LEADER 00636nam a2200217Ia 4500
001 CTU_129138
008 210402s9999 xx 000 0 und d
020 |c 1110000 
082 |a 657.42 
082 |b D796 
100 |a Drury, Colin 
245 0 |a Cost and management accounting : 
245 3 |b An introduction 
245 0 |c Colin Drury 
260 |a London, UK. 
260 |b Thomson 
260 |c 2006 
650 |a Cost accounting.,Managerial accounting.,Kế toán giá thành,Kế toán quản trị 
650 |x Kế toán chi phí 
904 |i Minh 
980 |a Trung tâm Học liệu Trường Đại học Cần Thơ